Bài tập vẽ kĩ thuật xây dựng
Sách gồm các bài tập liên quan đến vẽ công trình. Hệ thống các bài tập được chia làm hai loại: Các bài tập bổ trợ cho việc nắm vững phần lý thuyết và các bài tập chính thức rèn luyện kỹ năng vẽ....
Đã lưu trong:
| Tác giả chính: | |
|---|---|
| Định dạng: | Sách |
| Ngôn ngữ: | Undetermined |
| Được phát hành: |
Hà Nội
Giáo dục
2006
|
| Những chủ đề: | |
| Các nhãn: |
Thêm thẻ
Không có thẻ, Là người đầu tiên thẻ bản ghi này!
|
| Thư viện lưu trữ: | Trung tâm Học liệu Trường Đại học Cần Thơ |
|---|
| LEADER | 01001nam a2200217Ia 4500 | ||
|---|---|---|---|
| 001 | CTU_124976 | ||
| 008 | 210402s9999 xx 000 0 und d | ||
| 020 | |c 12500 | ||
| 082 | |a 692.1 | ||
| 082 | |b C550/T.1 | ||
| 100 | |a Đặng, Văn Cứ | ||
| 245 | 0 | |a Bài tập vẽ kĩ thuật xây dựng | |
| 245 | 0 | |c Đặng Văn Cứ, Nguyễn Quang Cự, Đoàn Như Kim | |
| 260 | |a Hà Nội | ||
| 260 | |b Giáo dục | ||
| 260 | |c 2006 | ||
| 520 | |a Sách gồm các bài tập liên quan đến vẽ công trình. Hệ thống các bài tập được chia làm hai loại: Các bài tập bổ trợ cho việc nắm vững phần lý thuyết và các bài tập chính thức rèn luyện kỹ năng vẽ. | ||
| 650 | |a Architectural drawing,Building,Construction equipment | ||
| 650 | |x Equipment and supplies,Drawings,Drawings | ||
| 904 | |i Giang | ||
| 980 | |a Trung tâm Học liệu Trường Đại học Cần Thơ | ||